000 01014cab a2200229 4500
001 X1748
008 090401t1994 xxu||||| |||| 00| 0 eng d
035 _a(Sirsi) u19015
041 _aeng
245 _aMatharu v Matharu
260 _c1994
350 _a0
490 _aProperty and Compensation Reports
_v(1994) 68 P&CR 93-104(12)
520 _aCA 6 May 1994. Landlord and tenant - possession - proprietary estoppel - defendant widow of plaintiff`s son - plaintiff owned property in which defendant lived - defendant encouraged in belief that property belonged to her husband - possession order sought to evict defendant - whether proprietary estoppel in defendant`s favour - whether defendant`s expenditure on property created beneficial interest in her favour.
650 _aBENEFICIAL INTEREST
650 _aMATHARU V MATHARY
650 _aPOSSESSION ORDERS
650 _aPROPRIETARY ESTOPPEL
690 _aLANDLORD AND TENANT-CASE LAW-RESIDENTIAL TENANCIES
942 _n0
948 _c04/03/1997
999 _c12655
_d12655